Normal view
MARC view
- Shahidi Fereidoon
Entry Personal Name
001 - CONTROL NUMBER
- control field: 269
003 - CONTROL NUMBER IDENTIFIER
- control field: OSt
005 - DATE AND TIME OF LATEST TRANSACTION
- control field: 20160604112105.0
008 - FIXED-LENGTH DATA ELEMENTS
- fixed length control field: 160604|| aca||aabn | a|a d
040 ## - CATALOGING SOURCE
- Original cataloging agency: OSt
- Transcribing agency: OSt
100 ## - HEADING--PERSONAL NAME
- Personal name: Shahidi Fereidoon
670 ## - SOURCE DATA FOUND
- Source citation: Work cat.: (OSt): Shahidi Fereidoon Eskin , N.A. Michael, Biochemistry of Foods, 2013
